Thai Diaspora by Increase Quiz Stats

 Plays Quiz not verified by Sporcle

Support Sporcle.
Go Orange.
Score 0/30 Timer 05:00
0 Plays Today
Increase of Thais 2000-2015 Country % Correct
66,379USA
100%
7,416China
94.2%
7,576Canada
94.2%
37,622Australia
91.3%
31,673UK
91.3%
5,300France
89.9%
3,009New Zealand
88.4%
14,348Singapore
88.4%
12,131Japan
87%
6,024Italy
87%
8,073Netherlands
87%
28,637Sweden
87%
1,512Spain
87%
1,725Austria
87%
6,788Denmark
87%
Increase of Thais 2000-2015 Country % Correct
22,585South Korea
85.5%
39,429Germany
85.5%
14,465Norway
85.5%
6,492Switzerland
84.1%
2,133Belgium
84.1%
9,787Finland
84.1%
21,436Indonesia
82.6%
4,407Vietnam
82.6%
577South Africa
81.2%
9,748UAE
76.8%
608Czech Republic
75.4%
2,089Kuwait
73.9%
806Bahrain
69.6%
638Iceland
66.7%
902Brunei
59.4%

You're not logged in!

Compare scores with friends on all Sporcle quizzes.
OR
Log In

From the Vault

'C' States

by Laura1234

If you miss one, you may as well 'C' yourself out.
Remove Ads.
Support Sporcle.
Get the best of Sporcle when you Go Orange. This ad-free experience offers more features, more stats, and more fun while also helping to support Sporcle. Thank you for becoming a member.

Show Comments

Extras

Top Quizzes Today


Score Distribution

Your Account Isn't Verified!

In order to create a playlist on Sporcle, you need to verify the email address you used during registration. Go to your Sporcle Settings to finish the process.

Report this User

Report this user for behavior that violates our Community Guidelines.

Details: